Advanced engineering mathematics
-д хадгалсан:
| Үндсэн зохиолч: | |
|---|---|
| Формат: | Ном |
| Хэл сонгох: | англи |
| Хэвлэсэн: |
Red Globe Press
2020
|
| Шошгууд: |
Шошго нэмэх
Шошго байхгүй, Энэхүү баримтыг шошголох эхний хүн болох!
|
MARC
| LEADER | 00000nam a22000007a 4500 | ||
|---|---|---|---|
| 008 | 240611b |||||||| |||| 00| 0 eng d | ||
| 020 | |a 9781352010251 | ||
| 100 | |a STROUD, K.A. |a Booth Dexter J. | ||
| 245 | |a Advanced engineering mathematics |c K. A. Stroud and Dexter J. Booth |g xxvi,1222p, :ill | ||
| 260 | |b Red Globe Press |c 2020 |h London |i 701659 |i 701660 |i 701661 |l TA330.St8 |m Engineering mathematics - programmed instruction | ||
| 500 | |a It includes index | ||
| 942 | |a lcc |c BK |e Adeyemo O.O |f 11/06/2024 | ||
| 952 | |0 0 |1 0 |2 lcc |4 0 |6 TA0330 S T8 |7 0 |9 5293 |a TL |b HOL |c QZ |d 2024-06-11 |l 0 |o TA330.St8 |p 2024-0536 |r 2024-06-11 00:00:00 |t 701659 |w 2024-06-11 |y BK | ||
| 952 | |0 0 |1 0 |2 lcc |4 0 |6 TA0330 S T8 |7 0 |9 5294 |a HOL |b HOL |c QZ |d 2024-06-11 |l 0 |o TA330.St8 |p 2024-0537 |r 2024-06-11 00:00:00 |t 701660 |w 2024-06-11 |y BK | ||
| 952 | |0 0 |1 0 |2 lcc |4 0 |6 TA0330 S T8 |7 0 |9 5295 |a HOL |b HOL |c QZ |d 2024-06-11 |l 0 |o TA330.St8 |p 2024-0538 |r 2024-06-11 00:00:00 |t 701661 |w 2024-06-11 |y BK | ||
| 999 | |c 2623 |d 2623 | ||